Chế tạo vật liệu MgAi2O4, khảo sát ảnh hưởng của các ion kim loại Mn và Cu lên phổ phát qunag trong vật liệu nảy

Hiện tượng phát quang. Photpho tinh thể. Hiện tương lân quang

Zapisane w:
Opis bibliograficzny
1. autor: Võ, Thị Thanh Trúc
Kolejni autorzy: Nguyễn, Văn Cường Th.S (Hướng dẫn)
Format: Książka
Język:Vietnamese
Wydane: Đại học Đà Nẵng Trường đại học Sư Phạm 2008
Seria:Khóa luận tốt nghiệp đại học. Chuyên ngành: Sư phạm Lý
Hasła przedmiotowe:
Etykiety: Dodaj etykietę
Nie ma etykietki, Dołącz pierwszą etykiete!
Thư viện lưu trữ: Mạng thư viện Đại học Đà Nẵng
LEADER 01435nam a2200349 4500
001 000012150
003 8438
005 20120216100243.0
008 120216s2008 viesd
041 |a vie 
072 |a Khóa luận tốt nghiệp 
082 |a 539.2  |b VO-T 
100 |a Võ, Thị Thanh Trúc 
245 |a Chế tạo vật liệu MgAi2O4, khảo sát ảnh hưởng của các ion kim loại Mn và Cu lên phổ phát qunag trong vật liệu nảy  |c Võ, Thị Thanh Trúc 
260 |a Đại học Đà Nẵng  |b Trường đại học Sư Phạm  |c 2008 
300 |a 46 tr.  |c 29 cm 
490 |a Khóa luận tốt nghiệp đại học. Chuyên ngành: Sư phạm Lý 
500 |a Tham khảo tr.46 
520 |a Hiện tượng phát quang. Photpho tinh thể. Hiện tương lân quang 
653 |a Khóa luận tốt nghiệp đại học 
653 |a Khoa Vật lý 
700 |a Nguyễn, Văn Cường  |c Th.S  |e Hướng dẫn 
OWN |a LSP 
AVA |a UDN50  |b LSP  |d 539.2 VO-T  |e available  |t Error 5001 Not defined in file expand_doc_bib_avail.  |f 1  |g 0  |h N  |i 0  |k 1 
999 |a From the UDN01 
AVA |a UDN50  |b LSP  |d 539.2 VO-T  |e available  |t Error 5001 Not defined in file expand_doc_bib_avail.  |f 1  |g 0  |h N  |i 0  |k 1 
TYP |a Monograph 
TYP |a Printed language 
980 |a Mạng thư viện Đại học Đà Nẵng